000 00543nam a2200169 i 4500
001 87424
003 ES-MaACL
005 20230906175653.0
007 t|
008 041221s1960 sp ||||1| spa d
100 1 _aKrein, Daniela.
_968798
245 1 0 _aVidas turbadas
_b: (diario de un Ginecóloga) /
_cDaniela Krein , versión española por Marís Llao de MIguel y Macaya.
260 _aAlcoy :
_bMarfil,
_c1960.
300 _a220 p. ;
_c24 cm.
700 1 _aLlao de Miguel y Macaya, María.
_972720
852 _aES-MaACL
_jC-19219
_bR.46901
999 _c87424
_d87424